Adult health nursing : (Record no. 475)

MARC details
000 -LEADER
fixed length control field 00840cam a22002898a 4500
005 - DATE AND TIME OF LATEST TRANSACTION
control field 20260322212021.0
008 - FIXED-LENGTH DATA ELEMENTS--GENERAL INFORMATION
fixed length control field data
010 ## - LIBRARY OF CONGRESS CONTROL NUMBER
LC control number 86003639
020 ## - INTERNATIONAL STANDARD BOOK NUMBER
International Standard Book Number 0201126508
020 ## - INTERNATIONAL STANDARD BOOK NUMBER
International Standard Book Number 9780201126501
040 ## - CATALOGING SOURCE
Original cataloging agency DNLM/DLC
Transcribing agency DLC
Modifying agency CtY-M
-- CtY-M
050 0# - LIBRARY OF CONGRESS CALL NUMBER
Classification number RT42
Item number .A34 1986
060 ## - NATIONAL LIBRARY OF MEDICINE CALL NUMBER
Classification number WY 100 A2443
001 - CONTROL NUMBER
control field data
100 1# - MAIN ENTRY--PERSONAL NAME
Personal name Kneisl, Carol Ren.
245 10 - TITLE STATEMENT
Title Adult health nursing :
Remainder of title a biopsychosocial approach /
Statement of responsibility, etc. Carol Ren Kneisl & Sue Ann Ames.
260 0# - PUBLICATION, DISTRIBUTION, ETC.
Place of publication, distribution, etc. Reading, Mass. :
Name of publisher, distributor, etc. Addison-Wesley,
Date of publication, distribution, etc. c1986.
263 ## - PROJECTED PUBLICATION DATE
Projected publication date 8602
300 ## - PHYSICAL DESCRIPTION
Extent xxix, 2250, [72] p. :
Other physical details ill. ;
Dimensions 29 cm.
504 ## - BIBLIOGRAPHY, ETC. NOTE
Bibliography, etc. note Includes bibliographical references and index.
650 #0 - SUBJECT ADDED ENTRY--TOPICAL TERM
Topical term or geographic name entry element Nursing.
650 #0 - SUBJECT ADDED ENTRY--TOPICAL TERM
Topical term or geographic name entry element Holistic medicine.
650 #0 - SUBJECT ADDED ENTRY--TOPICAL TERM
Topical term or geographic name entry element Humanistic psychology.
650 #0 - SUBJECT ADDED ENTRY--TOPICAL TERM
Topical term or geographic name entry element Physiology, Pathological.
650 #2 - SUBJECT ADDED ENTRY--TOPICAL TERM
Topical term or geographic name entry element Nursing Care.
700 1# - ADDED ENTRY--PERSONAL NAME
Personal name Ames, Sue Ann.
Holdings
Withdrawn status Lost status Damaged status Not for loan Home library Current library Shelving location Date acquired Total checkouts Full call number Barcode Date last seen Price effective from Koha item type
        Franklin Franklin General stacks 22/03/2026   RT42 .A34 1986 BC0010486 22/03/2026 22/03/2026 Books